|
|
|
|
| LEADER |
01703nam a2200409 a 4500 |
| 001 |
30291 |
| 003 |
BD-DhAAL |
| 005 |
20230525130245.0 |
| 008 |
151209r20151996enk b 001 0 eng |
| 010 |
|
|
|a 96028275
|
| 020 |
|
|
|a 0521482437 (hard)
|
| 020 |
|
|
|a 0521484006 (pbk.)
|
| 020 |
|
|
|a 9780521182431 hardback
|
| 020 |
|
|
|a 9780521484008 paperback
|
| 040 |
|
|
|a DLC
|c DLC
|d DLC
|d BD-DhAAL
|
| 041 |
1 |
|
|a eng
|
| 050 |
0 |
0 |
|a JC71.A41
|b A755 1996
|
| 082 |
0 |
0 |
|a 320.011
|2 20
|
| 100 |
0 |
|
|a Aristotle.
|9 13936
|
| 240 |
1 |
0 |
|a Politics.
|l English
|
| 245 |
1 |
4 |
|a The Politics, and the Constitution of Athens /
|c Aristotle ; edited by Stephen Everson.
|
| 250 |
|
|
|a Rev. student ed.
|
| 260 |
|
|
|a Cambridge ;
|a New York :
|b Cambridge University Press,
|c c1996 [reprinted 2015]
|
| 300 |
|
|
|a xlvi, 279 p. ;
|c 23 cm.
|
| 490 |
|
0 |
|a Cambridge texts in the history of political thought
|
| 500 |
|
|
|a Rev. ed. of: Aristotle, the Politics. 1988.
|
| 504 |
|
|
|a Includes bibliographical references (p. xl-xlvi) and indexes.
|
| 541 |
|
|
|d 30291
|
| 650 |
|
0 |
|a Political science
|x Early works to 1800
|9 16726
|
| 700 |
1 |
|
|a Everson, Stephen.
|9 16727
|
| 700 |
0 |
2 |
|a Aristotle.
|t Athēnaiōn politeia.
|l English.
|9 13936
|
| 700 |
0 |
|
|a Aristotle.
|t Politics.
|l English (Cambridge, England : 1988)
|9 13936
|
| 856 |
4 |
2 |
|3 Publisher description
|u http://www.loc.gov/catdir/description/cam027/96028275.html
|
| 856 |
4 |
1 |
|3 Table of contents
|u http://www.loc.gov/catdir/toc/cam022/96028275.html
|
| 942 |
|
|
|2 ddc
|c BK
|
| 999 |
|
|
|c 36374
|d 36374
|
| 952 |
|
|
|0 0
|1 0
|2 ddc
|4 0
|6 320_011000000000000_ARI
|7 0
|9 57206
|a BRACUL
|b BRACUL
|c GEN
|d 2015-12-09
|e Karim International
|g 1385.00
|l 5
|m 13
|o 320.011 ARI
|p 3010030291
|r 2025-08-11
|s 2025-06-30
|t 1
|w 2015-12-09
|y BK
|